书目信息 |
| 题名: |
礼仪文化概说
|
|
| 作者: | 尹雯 主编 | |
| 分册: | ||
| 出版信息: | 昆明 云南大学出版社 2004 |
|
| 页数: | 319页 | |
| 开本: | 21cm | |
| 丛书名: | ||
| 单 册: | ||
| 中图分类: | K891.26 | |
| 科图分类: | ||
| 主题词: | 礼仪--基本知识 , 礼仪 | |
| 电子资源: | ||
| ISBN: | 7-81068-731-X | |
| 000 | 00731nam0 2200241 450 | |
| 001 | 012007348297 | |
| 005 | 20070515104923.85 | |
| 010 | @a7-81068-731-X@dCNY19.80 | |
| 100 | @a20070423d2004 km y0chiy0120 ea | |
| 101 | 0 | @achi |
| 102 | @aCN@b530000 | |
| 105 | @ay z 000yy | |
| 106 | @ar | |
| 200 | 1 | @a礼仪文化概说@Ali yi wen hua gai shuo@f尹雯主编@Fyin wen zhu bian |
| 210 | @a昆明@c云南大学出版社@d2004 | |
| 215 | @a319页@d21cm | |
| 330 | @a本书注重实用性,从日常生活礼仪出发,讲述了礼仪的作用与公关礼仪,语言与非语言礼仪,修饰礼仪,及青年交往礼仪等。 | |
| 606 | 0 | @a礼仪@x基本知识 |
| 606 | 0 | @a礼仪 |
| 690 | @aK891.26@v4 | |
| 701 | 0 | @a尹雯@Ayin wen@4主编 |
| 801 | 0 | @aCN@bRULIN@c20070515 |
| 905 | @dK891.26@e139@s5 | |
| 礼仪文化概说/尹雯主编.-昆明:云南大学出版社,2004 |
| 319页;21cm |
| ISBN 7-81068-731-X:CNY19.80 |
| 本书注重实用性,从日常生活礼仪出发,讲述了礼仪的作用与公关礼仪,语言与非语言礼仪,修饰礼仪,及青年交往礼仪等。 |
| ● |
| 相关链接 |
|
|
|
|
正题名:礼仪文化概说
索取号:K891.26/139
 
预约/预借
| 序号 | 登录号 | 条形码 | 馆藏地/架位号 | 状态 | 备注 |
| 1 | 0570137 | 205701374 | 第二样本阅览室/ [索取号:K891.26/139] | 在馆 | |
| 2 | 0570138 | 205701383 | 第二借阅区/ [索取号:K891.26/139] | 在馆 | |
| 3 | 0570139 | 205701392 | 第二借阅区/ [索取号:K891.26/139] |
已借出,限还日期为2022.10.03 借出人:陈伟莲 |
|
| 4 | 0570140 | 205701409 | 第二借阅区/ [索取号:K891.26/139] | 在馆 | |
| 5 | 0570141 | 205701418 | 第二借阅区/ [索取号:K891.26/139] | 在馆 |